000 00485 a2200169 4500
003 OSt
005 20240106122148.0
008 231216b |||||||| |||| 00| 0 eng d
020 _a9789350000045
040 _coclc
082 _a891.43371
_bSHA/B
100 _aSharma, Nasira
_910149
245 _aBAHISHTE ZAHARA /
_cNasera Sharma,
260 _aNew Delhi:
_bVani Prakashan,
_c2020.
300 _a292p
942 _2ddc
_cBK
_h891.43371
_iSHA/B
_k891.43371
_mSHA/B
999 _c43445
_d43445